Poválečná světová ekonomika a OSN
Vývoj svetovej ekonomiky po skončení druhej svetovej vojny. Inštitucionalizácia svetovej ekonomiky - vládne a nevládne medzinárodné inštitúcie. Povojnové rozštiepenie svetovej ekonomiky na dve rozdielne a systémovo nezlučiteľné zložky - socialistickú a kapitalistickú. Vznik RVHP v r. 1949. Vývoj kra...
Guardado en:
| Autor principal: | |
|---|---|
| Formato: | Capítulo de libro |
| Lenguaje: | checo |
| Materias: | |
| Etiquetas: |
Sin Etiquetas, Sea el primero en etiquetar este registro!
|
MARC
| LEADER | 00000naa a2200000 4500 | ||
|---|---|---|---|
| 001 | r018356 | ||
| 005 | 20221205102240.4 | ||
| 041 | 0 | |a cze | |
| 044 | |a CZ | ||
| 245 | 1 | 0 | |a Poválečná světová ekonomika a OSN |c V. Bernášek |
| 520 | |a Vývoj svetovej ekonomiky po skončení druhej svetovej vojny. Inštitucionalizácia svetovej ekonomiky - vládne a nevládne medzinárodné inštitúcie. Povojnové rozštiepenie svetovej ekonomiky na dve rozdielne a systémovo nezlučiteľné zložky - socialistickú a kapitalistickú. Vznik RVHP v r. 1949. Vývoj krajín v rámci RVHP. Vznik nových štátov na troskách bývalých koloniálnych impérií. Vyspelé trhové ekonomiky, rozvojové krajiny, krajiny východnej Európy, ázijské socialistické krajiny. Svetová ekonomika a činnosť OSN. | ||
| 610 | 2 | 0 | |a hospodárstvo svetové |
| 610 | 2 | 0 | |a hospodárstvo povojnové |
| 610 | 2 | 0 | |a história |
| 610 | 2 | 0 | |a organizácie medzinárodné |
| 610 | 2 | 0 | |a OSN |
| 610 | 2 | 0 | |a krajiny vyspelé |
| 610 | 2 | 0 | |a krajiny rozvojové |
| 610 | 2 | 0 | |a východná Európa |
| 610 | 2 | 0 | |a Ázia |
| 100 | 1 | |a Bernášek, V. | |